| 000 | 00969cam a2200205 4500 | ||
|---|---|---|---|
| 001 | ##L131030 | ||
| 008 | 050921n2005 000 0 eng u | ||
| 035 | _a(Sirsi) u131030 | ||
| 041 | 0 | _aeng | |
| 050 | 0 | 4 | _a384.5 |
| 100 | 1 | _aGale, Stephen | |
| 110 | 2 |
_aBritish Council for Offices _93992 |
|
| 245 | 0 | 0 |
_aAnswers for occupiers _b wireless technology and offices over the next five years. |
| 260 |
_aLondon _bBritish Council for Offices _c2005 |
||
| 350 | _a40.00 | ||
| 520 | _aDiscusses wireless connectivity in the office setting. The study focuses on both Wi-Fi and 3G/GPRS cellular data network. Provides an overview of the methods of wireless connectivity available, the market, security, productivity, image, cost and user demand. Examines the future of the technology in some detail. Appendices, contain details about Wi-Fi standards, a glossary. | ||
| 590 | _aIKA111009 | ||
| 690 | _aPROPERTY-COMMERCIAL PROPERTY-OFFICE PROPERTY-OFFICES | ||
| 942 | _n0 | ||
| 999 |
_c104621 _d104621 |
||